Agustín Yáñez : (Record no. 144005)

MARC details
000 -CABECERA
campo de control de longitud fija 00640nam a2200181 u 4500
005 - FECHA Y HORA DE LA ÚLTIMA TRANSACCIÓN
campo de control 20210223131053.0
008 - ELEMENTOS DE LONGITUD FIJA--INFORMACIÓN GENERAL
campo de control de longitud fija 090818s2007 mx r 000 0 spa d
020 ## - NÚMERO INTERNACIONAL NORMALIZADO PARA LIBROS
Número Internacional Estándar del Libro 9681212606
035 ## - NÚMERO DE CONTROL DEL SISTEMA
Número de control de sistema UPN01000171901
049 ## - COLECCIÓN
Colección CG
050 #4 - SIGNATURA TOPOGRÁFICA DE LA BIBLIOTECA DEL CONGRESO
Número de clasificación PQ7297 Y3
Número de documento/Ítem A3.8
245 00 - MENCIÓN DE TÍTULO
Título Agustín Yáñez :
Resto del título una vida literaria /
Mención de responsabilidad, etc. ed. Rafael Olea Franco.
260 ## - PUBLICACIÓN, DISTRIBUCIÓN, ETC.
Lugar de publicación, distribución, etc. México :
Nombre del editor, distribuidor, etc. El Colegio de México, Centro de Estudios Lingüísticos y Literarios :
-- Fundación para las Letras Mexicanas,
Fecha de publicación, distribución, etc. 2007.
300 ## - DESCRIPCIÓN FÍSICA
Extensión 268 p.
440 #0 - MENCIÓN DE SERIE/ASIENTO SECUNDARIO--TÍTULO
Título Literatura mexicana ;
Designación de volumen o secuencia 9
600 14 - ASIENTO SECUNDARIO DE MATERIA - NOMBRE PERSONAL
Nombre de persona YAÑEZ, AGUSTIN,
Fechas asociadas al nombre 1904-1980 -
Subdivisión general CRITICA E INTERPRETACION
9 (RLIN) 14402
905 ## - TIPO DE MATERIAL
Tipo de material Libro
Holdings
Estado de retiro Estado de pérdida Fuente del sistema de clasificación o colocación Estado dañado No para préstamo Código de colección Localización permanente Ubicación/localización actual Ubicación en estantería Total de préstamos Clasificación Código de barras Fecha visto por última vez Número de copia Tipo de ítem Koha
    Library of Congress Classification     Colección General Bib. Gregorio Torres Quintero Bib. Gregorio Torres Quintero Planta baja 1 PQ7297 Y3 A3.8 266185 31/12/2020 1 Libro